| 000 | 01464cam a22003011i 4500 | ||
|---|---|---|---|
| 003 | SA-RiAUC | ||
| 005 | 20251014083658.0 | ||
| 008 | 251008s1995 su a g b 00010 ara c | ||
| 040 |
_aSA-RiAUC _bara _cSA-RiAUC _erda |
||
| 043 |
_aap----- _aa-su--- |
||
| 082 | 0 | 4 |
_a307.1216 _qSA-RiAUC |
| 090 |
_a307.1216 _bد ر ا |
||
| 245 | 0 | 0 |
_aدراسات في قضايا المدن المعاصرة والتحضر / _cبأقلام نخبة من العلماء الأفاضل ؛ تقديم عبد القادر حمزة كوشك ؛ تحرير عبد الله علي عبد الرحمن الصنيع. |
| 246 | 3 | 0 | _a قضايا المدن المعاصرة والتحضر |
| 250 | _aالطبعة الأولى. | ||
| 264 | 1 |
_aجدة، السعودية : _bدار المجتمع للنشر والتوزيع، _c1995 |
|
| 300 |
_a381 صفحة : _bإيضاحيات ؛ _c24 سم |
||
| 336 |
_aنص _btxt _2rdacontent _3كتاب |
||
| 337 |
_aبدون وسيط _bn _2rdamedia |
||
| 338 |
_aمجلد _bnc _2rdacarrier |
||
| 504 | _aببليوجرافية : صفحة 381. | ||
| 650 | 7 |
_aتخطيط المدن _zالسعودية _2aucsh |
|
| 650 | 7 |
_aالتنمية الحضرية _zدول الخليج العربية _2aucsh |
|
| 700 | 1 |
_aكوشك، السيد عبد القادر حمزة _eمقدم. |
|
| 700 | 1 |
_aالصنيع، عبد الله علي عبد الرحمن، _d1363 هجري- _eمحرر. |
|
| 942 |
_2ddc _cBOOK _n0 |
||
| 949 |
_aSA-JeALM _d251008 _umohamedma123 _n1 |
||
| 999 |
_c12553 _d12553 |
||